Estudio de la fracción de materia orgánica más influyente en la formación de trihalometanos en el agua superficial tratada

Presenta un estudio sobre la influencia del fraccionamiento de la materia orgánica presente en las aguas superficiales de Boaco y Juigalpa tratada con sulfato de aluminio en la formación de los trihalometanos.

Bibliographic Details
Main Authors: Alemán Reyes, Aleyda de los Ángeles, Tapia Vega, Anne Kerstin
Other Authors: Tutor: García Granados, Indiana
Format: Tesis Section = Libro
Language:Undetermined
Spanish
Published: Managua UNI 2010
Subjects:
LEADER 01145nam a2200253Ia 4500
008 240830s9999 xx 000 0 und d
040 |a BIBLIOTECA-RUSB/ Mon 628.162 A367 
041 |a spa 
082 |a Mon 628.162 A367 
100 1 |a Alemán Reyes, Aleyda de los Ángeles 
100 1 |b Tapia Vega, Anne Kerstin 
245 1 0 |a Estudio de la fracción de materia orgánica más influyente en la formación de trihalometanos en el agua superficial tratada 
260 |a Managua  |b UNI  |c 2010 
300 |a 128 p. :il. 
502 |a Tesis (Ingeniero Químico) - UNI, 2010. 
520 3 |a Presenta un estudio sobre la influencia del fraccionamiento de la materia orgánica presente en las aguas superficiales de Boaco y Juigalpa tratada con sulfato de aluminio en la formación de los trihalometanos. 
650 7 |a TRATAMIENTO QUÍMICO DEL AGUA - PROCESO DE POTABILIZACIÓN 
650 7 |b  COAGULACIÓN MEJORADA 
650 7 |c  DESINFECCIÓN - AGUAS SUPERFICIALES - BOACO Y JUIGALPA 
650 7 |d  CARACTERÍSTICAS MICROBIOLOGICAS DEL AGUA 
700 1 |a Tutor:  |b García Granados, Indiana 
942 |c BK  |2 ddc 
991 |a TESIS 
999 |c 20416